HUMAN ANATOMY AND PHYSIOLOGY (Record no. 1220348)

MARC details
000 -LEADER
fixed length control field 00412nam a2200157Ia 4500
008 - FIXED-LENGTH DATA ELEMENTS--GENERAL INFORMATION
fixed length control field 260417s2024 xx 000 0 und d
041 ## - LANGUAGE CODE
Language code of text/sound track or separate title eng
082 ## - DEWEY DECIMAL CLASSIFICATION NUMBER
Classification number 612/BHI
Item number DI-1037
100 ## - MAIN ENTRY--PERSONAL NAME
Personal name DR. S.B. BHISE
245 ## - TITLE STATEMENT
Title HUMAN ANATOMY AND PHYSIOLOGY
250 ## - EDITION STATEMENT
Edition statement 5TH ed
260 ## - PUBLICATION, DISTRIBUTION, ETC.
Place of publication, distribution, etc. PUNE
Name of publisher, distributor, etc. 2024
-- NIRALI PRAKASHAN
300 ## - PHYSICAL DESCRIPTION
Extent P.B/15.20p
650 ## - SUBJECT ADDED ENTRY--TOPICAL TERM
Topical term or geographic name entry element HUMAN ANATOMY AND PHYSIOLOGY
700 ## - ADDED ENTRY--PERSONAL NAME
Personal name R. A.V . YADAV
Holdings
Withdrawn status Lost status Damaged status Not for loan Home library Current library Date acquired Cost, normal purchase price Total Checkouts Full call number Barcode Date last seen Price effective from Koha item type
        College of Pharmacy, Kolhapur College of Pharmacy, Kolhapur 21/03/2024 290.00   DI-1037/612/BHI PCK-DI-1037 17/04/2026 17/04/2026 Book